| 000 | 00433nam a2200157Ia 4500 | ||
|---|---|---|---|
| 003 | GCL | ||
| 008 | 140319s9999 xx 000 0 eng d | ||
| 040 |
_aGCL / _cGCL |
||
| 082 | 0 | 4 |
_a650.14 _bP S |
| 100 | 1 | _aPETERSON, C. D. | |
| 245 | 1 | 0 |
_aSTAYING IN DEMAND: HOW TO MAKE JOB OFFERS COME TO YOU / _cPETERSON, C. D. |
| 260 |
_a[S.N] : _bMC GRAW - HILL |
||
| 650 | 0 | 4 | _aCAREER DEVELOPMENT |
| 650 | 0 | 4 | _aSELF - CULTURE |
| 942 |
_2ddc _cBK |
||
| 999 |
_c21235 _d21235 |
||